दुःख के दिन-रात / (Record no. 115993)

MARC details
000 -LEADER
fixed length control field 01156nam a22002777a 4500
003 - CONTROL NUMBER IDENTIFIER
control field dpl
005 - DATE AND TIME OF LATEST TRANSACTION
control field 20181114133337.0
008 - FIXED-LENGTH DATA ELEMENTS--GENERAL INFORMATION
fixed length control field 181114b ||||| |||| 00| 0 eng d
010 ## - LIBRARY OF CONGRESS CONTROL NUMBER
LC control number B-076100
020 ## - INTERNATIONAL STANDARD BOOK NUMBER
Terms of availability 100.00
035 ## - SYSTEM CONTROL NUMBER
System control number B-076100, B-076104
037 ## - SOURCE OF ACQUISITION
Source of stock number/acquisition Cen Lib/Ret
040 ## - CATALOGING SOURCE
Original cataloging agency DPL
Language of cataloging HN
Transcribing agency 0
082 ## - DEWEY DECIMAL CLASSIFICATION NUMBER
Classification number
Item number दुःखके
245 ## - TITLE STATEMENT
Title दुःख के दिन-रात /
Statement of responsibility, etc अनुवाद एवं सांकला केवल गोस्वामी
246 ## - VARYING FORM OF TITLE
Title proper/short title Dukh ke din-raat /
Remainder of title anuvad evam sankalan Keval Goswami
260 ## - PUBLICATION, DISTRIBUTION, ETC. (IMPRINT)
Place of publication, distribution, etc दिल्ली
Name of publisher, distributor, etc रचनाकार प्रकाशन
Date of publication, distribution, etc 2002
270 ## - ADDRESS
Address 1586,1 ई, नवीन शाहदरा
City दिल्ली
Postal code 110032
300 ## - PHYSICAL DESCRIPTION
Extent 104पृ.
Dimensions 19सेमी (सजिल्द)
650 ## - SUBJECT ADDED ENTRY--TOPICAL TERM
Topical term or geographic name as entry element हिंदी साहित्य
9 (RLIN) 64273
650 ## - SUBJECT ADDED ENTRY--TOPICAL TERM
Topical term or geographic name as entry element हिंदी साहित्य
General subdivision कहानियां
9 (RLIN) 64274
650 ## - SUBJECT ADDED ENTRY--TOPICAL TERM
Topical term or geographic name as entry element Hindi literature
9 (RLIN) 64275
650 ## - SUBJECT ADDED ENTRY--TOPICAL TERM
Topical term or geographic name as entry element Hindi literature
General subdivision Stories
9 (RLIN) 64276
700 ## - ADDED ENTRY--PERSONAL NAME
Personal name गोस्वामी, केवल
9 (RLIN) 7808
942 ## - ADDED ENTRY ELEMENTS (KOHA)
Source of classification or shelving scheme Dewey Decimal Classification
Koha item type Hindi Books
Classification part
Call number suffix दुःखके
Holdings
Withdrawn status Lost status Damaged status Not for loan Home library Current library Date acquired Source of acquisition Cost, normal purchase price Total Checkouts Full call number Barcode Date last seen Copy number Cost, replacement price Price effective from Koha item type Source of classification or shelving scheme Collection code
Withdrawn       Central Library Central Library 22/08/2015 Cen Lib/Ref 100.00   क दुःखके B-076100 22/08/2015 1 100.00 22/08/2015 Hindi Books    
        Shahdara Branch Shahdara Branch 14/11/2018 BPPD/PUB 100.00   क दुःखके B-076104 14/11/2018   100.00 14/11/2018 Hindi Books Dewey Decimal Classification Fiction

© Delhi Public Library
Hit Counter
free hit counter